Main baling tin (Record no. 108752)

MARC details
000 -LEADER
fixed length control field 00789nam a2200265 i 4500
001 - CONTROL NUMBER
control field C2-0305762
003 - CONTROL NUMBER IDENTIFIER
control field PPAK
005 - DATE AND TIME OF LATEST TRANSACTION
control field 20180728091127.0
008 - FIXED-LENGTH DATA ELEMENTS--GENERAL INFORMATION
fixed length control field 100901s2010 my a|||| ||||| | may d
020 ## - INTERNATIONAL STANDARD BOOK NUMBER
International Standard Book Number 9789675155581
040 ## - CATALOGING SOURCE
Original cataloging agency PPAK
Language of cataloging eng
Transcribing agency PPAK
Description conventions rda
082 04 - DEWEY DECIMAL CLASSIFICATION NUMBER
Classification number 499.2386
Edition number 23
090 00 - LOCALLY ASSIGNED LC-TYPE CALL NUMBER (OCLC); LOCAL CALL NUMBER (RLIN)
Classification number (OCLC) (R) ; Classification number, CALL (RLIN) (NR) 499.2386
Feature heading BAH
Feature heading K
100 0# - MAIN ENTRY--PERSONAL NAME
Personal name Bahasa Othman,
Relator term author
245 10 - TITLE STATEMENT
Title Main baling tin
264 #1 - PRODUCTION, PUBLICATION, DISTRIBUTION, MANUFACTURE, AND COPYRIGHT NOTICE
Place of production, publication, distribution, manufacture Kuala Lumpur :
Name of producer, publisher, distributor, manufacturer Penerbit Sinar Cemerlang ,
Date of production, publication, distribution, manufacture, or copyright notice 2010
300 ## - PHYSICAL DESCRIPTION
Extent ii, 22 pages :
Other physical details colour illustrations ;
Dimensions 26 cm
336 ## - CONTENT TYPE
Source rdacontent
Content type term text
337 ## - MEDIA TYPE
Source rdamedia
Media type term unmediated
338 ## - CARRIER TYPE
Source rdacarrier
Carrier type term volume
490 1# - SERIES STATEMENT
Series statement Siri permainan tradisional kanak-kanak
650 10 - SUBJECT ADDED ENTRY--TOPICAL TERM
Topical term or geographic name entry element Bahasa Melayu - Readers.
830 #0 - SERIES ADDED ENTRY--UNIFORM TITLE
Uniform title Siri permainan tradisional kanak-kanak
942 ## - ADDED ENTRY ELEMENTS (KOHA)
-- dc
Koha item type Book
Holdings
Withdrawn Not for loan Current library Shelving location Date acquired Full call number Barcode Date last seen Koha item type Total Checkouts Date last checked out
    Perpustakaan Alor Setar Pinjaman Kanak-kanak 01/09/2010 K 499.2386 BAH A01341482 09/05/2018 Book    
    Perpustakaan Baling Pinjaman Kanak-kanak 01/09/2010 K 499.2386 BAH A01341485 19/02/2024 Book 1 08/01/2024
    Perpustakaan Bandar Baharu Pinjaman Kanak-kanak 01/09/2010 K 499.2386 BAH A01341487 09/05/2018 Book    
    Perpustakaan Jitra Pinjaman Kanak-kanak 01/09/2010 K 499.2386 BAH A01341483 02/11/2022 Book 1 15/10/2022
    Perpustakaan Kulim Pinjaman Kanak-kanak 01/09/2010 K 499.2386 BAH A01341484 09/05/2018 Book    
    Perpustakaan Langkawi Pinjaman Kanak-kanak 01/09/2010 K 499.2386 BAH A01341486 09/05/2018 Book    
    Perpustakaan Merbok Pinjaman Kanak-kanak 01/09/2010 K 499.2386 BAH A01341488 09/05/2018 Book